[Event "HUN-chT 2324"]
[Site "Hungary"]
[Date "2024.02.18"]
[Round "4.6"]
[White "Borocz, Istvan"]
[Black "Nagy, Zoltan"]
[Result "1-0"]
[WhiteElo "2313"]
[BlackElo "2121"]
[PlyCount "57"]
[EventDate "2023.10.28"]
[EventType "team-tourn"]
[EventRounds "9"]
[EventCountry "HUN"]
[SourceTitle "CB16_2024"]
[SourceDate "2024.04.17"]
[SourceVersion "1"]
[SourceVersionDate "2024.04.17"]
[SourceQuality "1"]
[WhiteTeam "Dunaharaszti"]
[BlackTeam "Tapolca Varos"]
[WhiteTeamCountry "HUN"]
[BlackTeamCountry "HUN"]

1. e4 c5 2. Nf3 d6 3. Bb5+ Nc6 4. 0-0 Bd7 5. Re1 a6 6. Bf1 e5 7. c3 Nf6 8. d4 cxd4 9. cxd4 Bg4 10. d5 Nd4 11. Be3 Nxf3+ 12. gxf3 Bd7 13. Nd2 b5 14. a4 bxa4 15. Nc4 Rb8 16. Rxa4 Bxa4 17. Qxa4+ Qd7 18. Qxa6 Be7 19. Nb6 Qd8 20. Bb5+ Kf8 21. Rc1 g6 22. Qa7 Kg7 23. Rc7 Ng8 24. Bc6 h6 25. b4 f5 26. b5 Rh7 27. Nd7 Rc8 28. Rxc8 Qxc8 29. b6 1-0

[Event "HUN-chT 2324"]
[Site "Hungary"]
[Date "2023.10.29"]
[Round "2.9"]
[White "Palczert, Matyas"]
[Black "Borocz, Istvan"]
[Result "1-0"]
[WhiteElo "2338"]
[BlackElo "2313"]
[PlyCount "111"]
[EventDate "2023.10.28"]
[EventType "team-tourn"]
[EventRounds "9"]
[EventCountry "HUN"]
[SourceTitle "Mega2024 Update 01"]
[Source "Chessbase"]
[SourceDate "2023.11.12"]
[SourceVersion "1"]
[SourceVersionDate "2023.11.12"]
[SourceQuality "1"]
[WhiteTeam "Tungsram ANSK"]
[BlackTeam "Dunaharaszti"]
[WhiteTeamCountry "HUN"]
[BlackTeamCountry "HUN"]

1. e4 e5 2. Nf3 Nc6 3. d4 exd4 4. Nxd4 Bc5 5. Nb3 Bb6 6. Nc3 d6 7. Qe2 Nge7 8. Be3 0-0 9. 0-0-0 f5 10. f4 fxe4 11. g3 Nf5 12. Bxb6 axb6 13. Bg2 Be6 14. Bxe4 Qd7 15. g4 Nh6 16. f5 Bxb3 17. cxb3 Kh8 18. h3 Rae8 19. Rhf1 Re5 20. Qd2 Qd8 21. Qg2 Nf7 22. Kb1 b5 23. Bxc6 bxc6 24. Qxc6 Qa8 25. Qxa8 Rxa8 26. Rfe1 Rae8 27. Rxe5 Rxe5 28. a4 c6 29. axb5 cxb5 30. Rd4 h5 31. Ne4 Kh7 32. Nxd6 Ng5 33. gxh5 Nxh3 34. Ka2 Ng5 35. Rb4 Rd5 36. Nxb5 Rxf5 37. Nd4 Rd5 38. Rb5 Rxb5 39. Nxb5 Kh6 40. Nd6 Kxh5 41. b4 Ne6 42. b5 g5 43. b6 Nd8 44. Kb3 g4 45. Ne4 Kg6 46. Kc4 Kf5 47. Kd5 Kf4 48. Nf6 g3 49. Nh5+ Ke3 50. Nxg3 Kd3 51. Ne4 Kc2 52. Nc5 Kxb2 53. Kd6 Kc3 54. Kc7 Kc4 55. Kxd8 Kxc5 56. b7 1-0

[Event "HUN-chT 2223"]
[Site "Hungary"]
[Date "2023.04.22"]
[Round "8.7"]
[White "Kormos, Andras"]
[Black "Borocz, Istvan"]
[Result "0-1"]
[WhiteElo "2122"]
[BlackElo "2336"]
[PlyCount "64"]
[EventDate "2022.11.20"]
[EventType "team-tourn"]
[EventRounds "9"]
[EventCountry "HUN"]
[SourceTitle "EXT 2024"]
[Source "ChessBase"]
[SourceDate "2023.10.10"]
[SourceVersion "1"]
[SourceVersionDate "2023.10.10"]
[SourceQuality "1"]
[WhiteTeam "Hetenyi Geza"]
[BlackTeam "Dunaharaszti"]
[WhiteTeamCountry "HUN"]
[BlackTeamCountry "HUN"]

1. c4 g6 2. Nc3 Bg7 3. b3 c6 4. Bb2 d5 5. e3 e5 6. cxd5 cxd5 7. d3 Nc6 8. Nf3 Nf6 9. Be2 d4 10. exd4 exd4 11. Nb1 Nd5 12. 0-0 0-0 13. Qd2 Re8 14. Re1 Bf5 15. Na3 Nc3 16. Nc2 Rc8 17. Bf1 Rxe1 18. Rxe1 Bg4 19. Bxc3 dxc3 20. Qf4 Bxf3 21. Qxf3 Nd4 22. Qd1 Qa5 23. Nxd4 Bxd4 24. Qc2 Rc6 25. Be2 Re6 26. Rf1 b5 27. a4 bxa4 28. bxa4 Rb6 29. Bd1 Rb2 30. Qc1 Rd2 31. Kh1 Qb4 32. Bc2 Bxf2 0-1

[Event "HUN-chT 2223"]
[Site "Hungary"]
[Date "2022.12.04"]
[Round "2.9"]
[White "Matyassy, Lazar"]
[Black "Borocz, Istvan"]
[Result "1/2-1/2"]
[WhiteElo "2239"]
[BlackElo "2336"]
[PlyCount "93"]
[EventDate "2022.11.20"]
[EventType "team-tourn"]
[EventRounds "9"]
[EventCountry "HUN"]
[SourceTitle "CBM 211 Extra"]
[Source "ChessBase"]
[SourceDate "2023.01.31"]
[SourceVersion "1"]
[SourceVersionDate "2023.01.31"]
[SourceQuality "1"]
[WhiteTeam "Budapest MTK"]
[BlackTeam "Dunaharaszti"]
[WhiteTeamCountry "HUN"]
[BlackTeamCountry "HUN"]

1. e4 e5 2. Nf3 Nc6 3. Nc3 Nf6 4. Bb5 Bb4 5. 0-0 0-0 6. d3 Bxc3 7. bxc3 d6 8. Bg5 Bd7 9. Re1 Ne7 10. Bc4 Be6 11. Bxe6 fxe6 12. Rb1 b6 13. d4 Ng6 14. dxe5 dxe5 15. Nh4 Nh8 16. Nf3 Nf7 17. Bxf6 gxf6 18. Qe2 Nd6 19. Rbd1 Qe8 20. Rd3 Rd8 21. Nh4 Rd7 22. Rg3+ Rg7 23. Rxg7+ Kxg7 24. f4 Qc6 25. Qg4+ Kh8 26. fxe5 Qxc3 27. Nf3 fxe5 28. Re2 Qc4 29. Re1 Qc5+ 30. Kh1 Qf2 31. Rg1 Qc5 32. Re1 Qc3 33. Rg1 Qe3 34. Qxe6 Nxe4 35. Qxe5+ Kg8 36. Qe6+ Kg7 37. Qe5+ Kh6 38. Qe6+ Rf6 39. Qh3+ Kg7 40. Qg4+ Kh6 41. Qh3+ Kg7 42. Qg4+ Rg6 43. Qd7+ Kh8 44. Qe8+ Rg8 45. Qe5+ Rg7 46. Qe8+ Rg8 47. Qe5+ 1/2-1/2

[Event "HUN-chT 2122"]
[Site "Hungary"]
[Date "2021.10.31"]
[Round "2.8"]
[White "Nayhebaver, Martin"]
[Black "Borocz, Istvan"]
[Result "1-0"]
[WhiteElo "2485"]
[BlackElo "2347"]
[PlyCount "84"]
[EventDate "2021.10.10"]
[EventType "team-tourn"]
[EventRounds "9"]
[EventCountry "HUN"]
[SourceTitle "EXT 2023"]
[Source "ChessBase"]
[SourceDate "2022.10.05"]
[SourceVersion "1"]
[SourceVersionDate "2022.10.05"]
[SourceQuality "1"]
[WhiteTeam "Haladas"]
[BlackTeam "Dunaharaszti"]
[WhiteTeamCountry "HUN"]
[BlackTeamCountry "HUN"]

1. e4 c5 2. Nf3 d6 3. d4 cxd4 4. Nxd4 Nf6 5. Nc3 a6 6. Bd3 Nc6 7. Nxc6 bxc6 8. b3 g6 9. Qd2 Bg7 10. Bb2 0-0 11. 0-0-0 a5 12. Na4 Qc7 13. f4 d5 14. e5 Nd7 15. h4 Nb6 16. Nxb6 Qxb6 17. h5 Bg4 18. hxg6 fxg6 19. Rdf1 a4 20. Rh4 axb3 21. axb3 Bf5 22. Rfh1 Ra2 23. Bxf5 gxf5 24. Rxh7 Rxb2 25. Kxb2 Ra8 26. Qc3 Qf2 27. g3 e6 28. Kb1 Qa7 29. Kc1 c5 30. g4 fxg4 31. Qd3 c4 32. Qg6 Qa1+ 33. Kd2 Qd4+ 34. Ke2 Qe4+ 35. Qxe4 dxe4 36. bxc4 Rc8 37. R7h4 Rxc4 38. Kd2 e3+ 39. Kxe3 Rxc2 40. Rxg4 Kf8 41. Rh7 Rc3+ 42. Kd4 Rc7 1-0

[Event "Gibraltar Masters 18th"]
[Site "Caleta"]
[Date "2020.01.25"]
[Round "5"]
[White "Borocz, Istvan"]
[Black "Bilguun, Sumiya"]
[Result "1/2-1/2"]
[WhiteElo "2337"]
[BlackElo "2486"]
[PlyCount "71"]
[EventDate "2020.01.21"]
[EventType "swiss"]
[EventRounds "10"]
[EventCountry "GGB"]
[SourceTitle "CBM 194 Extra"]
[Source "ChessBase"]
[SourceDate "2020.03.31"]
[SourceVersion "1"]
[SourceVersionDate "2020.03.31"]
[SourceQuality "1"]

1. d4 Nf6 2. Nf3 e6 3. e3 b6 4. Bd3 Bb7 5. 0-0 Ne4 6. Nfd2 d5 7. Bxe4 dxe4 8. b3 Nd7 9. Bb2 Qh4 10. Ba3 f5 11. Qe2 c5 12. Nc4 cxd4 13. Bxf8 Kxf8 14. Qd2 d3 15. cxd3 exd3 16. Qxd3 Rd8 17. Qd6+ Qe7 18. Nc3 Ba6 19. Qf4 Nc5 20. Rfd1 Nd3 21. Qg3 Qf6 22. Ne5 Nxe5 23. Rxd8+ Qxd8 24. Qxe5 Kf7 25. Rd1 Qc8 26. e4 g6 27. h4 Rd8 28. Rxd8 Qxd8 29. h5 Qd2 30. exf5 gxf5 31. Qc7+ Kf6 32. Qxh7 Qe1+ 33. Kh2 Qxf2 34. Qg6+ Ke7 35. Qg7+ Ke8 36. Kh3 1/2-1/2

[Event "Gibraltar Masters 18th"]
[Site "Caleta"]
[Date "2020.01.24"]
[Round "4"]
[White "Libiszewski, Fabien"]
[Black "Borocz, Istvan"]
[Result "1/2-1/2"]
[WhiteElo "2522"]
[BlackElo "2337"]
[PlyCount "67"]
[EventDate "2020.01.21"]
[EventType "swiss"]
[EventRounds "10"]
[EventCountry "GGB"]
[SourceTitle "CBM 194 Extra"]
[Source "ChessBase"]
[SourceDate "2020.03.31"]
[SourceVersion "1"]
[SourceVersionDate "2020.03.31"]
[SourceQuality "1"]

1. e4 c5 2. Nf3 d6 3. d4 cxd4 4. Nxd4 Nf6 5. Nc3 a6 6. g3 e5 7. Nb3 Be7 8. Bg5 Nbd7 9. a4 b6 10. Bc4 Bb7 11. Nd2 h6 12. Be3 Qc7 13. Qe2 Nc5 14. Bxc5 Qxc5 15. 0-0 0-0 16. Rad1 Rfc8 17. Rfe1 Bd8 18. Bb3 b5 19. axb5 Ba5 20. Qc4 Bxc3 21. Qxf7+ Kh8 22. bxc3 axb5 23. Qg6 Rf8 24. Re3 Bc8 25. Nf3 Bg4 26. h3 Bh5 27. Qf5 Bxf3 28. Rxf3 Nh7 29. Qg4 Rxf3 30. Qxf3 Ng5 31. Qf5 Nh7 32. Qf3 Ng5 33. Qf5 Nh7 34. Qf3 1/2-1/2

[Event "Reykjavik op"]
[Site "Reykjavik"]
[Date "2019.04.09"]
[Round "3"]
[White "Borocz, Istvan"]
[Black "Vidic, Teja"]
[Result "1-0"]
[WhiteElo "2350"]
[BlackElo "2102"]
[PlyCount "153"]
[EventDate "2019.04.08"]
[EventType "swiss"]
[EventRounds "9"]
[EventCountry "ISL"]
[SourceTitle "CBM 189 Extra"]
[Source "ChessBase"]
[SourceDate "2019.06.03"]
[SourceVersion "1"]
[SourceVersionDate "2019.06.03"]
[SourceQuality "1"]

1. d4 Nf6 2. c4 e6 3. Nf3 d5 4. g3 dxc4 5. Bg2 a6 6. a4 Nc6 7. 0-0 Bd7 8. Nc3 Bd6 9. Bf4 Qe7 10. Ne5 Rb8 11. Nxc4 Bxf4 12. gxf4 Qb4 13. Qd3 0-0 14. e3 Rfd8 15. Qe2 Be8 16. Rfc1 Nd5 17. f5 Nxd4 18. exd4 Nf4 19. Qf1 Nxg2 20. Na2 Qxa4 21. Qxg2 Rxd4 22. f6 g6 23. Ne5 Rf4 24. Qg5 Rf5 25. Qg3 Qb5 26. Re1 Qxb2 27. Nc3 Kh8 28. Rab1 Qd2 29. Ne4 Qa5 30. f4 b5 31. Ng5 Rxf6 32. Qh4 Qb6+ 33. Kg2 h5 34. Ngxf7+ Rxf7 35. Nxf7+ Bxf7 36. Qf6+ Kg8 37. Rbd1 c5 38. Kg3 Qc6 39. Re5 c4 40. f5 Rf8 41. fxg6 Be8 42. Qxe6+ Qxe6 43. Rxe6 b4 44. Rxa6 b3 45. Rb6 c3 46. Rc1 c2 47. Rxb3 Bxg6 48. Rc3 Rd8 49. Ra1 Kf8 50. Kf4 Kg7 51. Ra7+ Kh6 52. Rac7 Rd2 53. h3 Rh2 54. R7c6 Rg2 55. Rg3 Rxg3 56. Kxg3 Kg5 57. h4+ Kf5 58. Rxc2 Kf6 59. Rc6+ Kf5 60. Rc5+ Kf6 61. Kf4 Be8 62. Rg5 Bf7 63. Ra5 Be6 64. Ra6 Kf7 65. Ra7+ Kg6 66. Ke5 Bg4 67. Ra6+ Kf7 68. Rf6+ Kg7 69. Rf4 Bd1 70. Rb4 Kf7 71. Kf5 Bg4+ 72. Kg5 Ke7 73. Rb6 Kf7 74. Rf6+ Ke7 75. Rf1 Ke6 76. Kg6 Ke7 77. Rf6 1-0

[Event "Reykjavik op"]
[Site "Reykjavik"]
[Date "2019.04.09"]
[Round "2"]
[White "Lagarde, Maxime"]
[Black "Borocz, Istvan"]
[Result "1-0"]
[WhiteElo "2612"]
[BlackElo "2350"]
[PlyCount "133"]
[EventDate "2019.04.08"]
[EventType "swiss"]
[EventRounds "9"]
[EventCountry "ISL"]
[SourceTitle "CBM 189 Extra"]
[Source "ChessBase"]
[SourceDate "2019.06.03"]
[SourceVersion "1"]
[SourceVersionDate "2019.06.03"]
[SourceQuality "1"]

1. c4 g6 2. Nc3 Bg7 3. d4 Nf6 4. e4 d6 5. Bd3 0-0 6. Nge2 Nc6 7. 0-0 e5 8. d5 Nb4 9. Bb1 a5 10. a3 Na6 11. Bc2 c6 12. b4 cxd5 13. cxd5 Bd7 14. Rb1 axb4 15. axb4 Nh5 16. Be3 Nf4 17. Qd2 Rc8 18. b5 Nxe2+ 19. Nxe2 Nc5 20. Kh1 Qe7 21. b6 Kh8 22. Ng3 Qe8 23. f4 exf4 24. Rxf4 Qe7 25. Bd4 Kg8 26. Re1 Bxd4 27. Qxd4 f6 28. Qd2 Qe5 29. Rff1 Rce8 30. Rb1 Qg5 31. Rf4 Re5 32. Qf2 Re7 33. Nf1 Qe5 34. Ne3 Qc3 35. Rf1 Ref7 36. e5 dxe5 37. Rc4 Qa3 38. Nf5 Bxf5 39. Bxf5 gxf5 40. Rxc5 f4 41. Qc2 Rd8 42. Rc7 Re7 43. Qf5 Qd6 44. Rfc1 Qxd5 45. h3 Qe6 46. Qe4 Rd6 47. Rxe7 Qxe7 48. Rc8+ Kf7 49. Rc7 Rd7 50. Qxb7 Ke6 51. Qc6+ Qd6 52. b7 Rxc7 53. Qxd6+ Kxd6 54. b8Q Kd7 55. Qg8 Kd6 56. Qd8+ Rd7 57. Qxf6+ Kd5 58. Kg1 Rc7 59. Qd8+ Kc6 60. Kf2 Rd7 61. Qf6+ Kd5 62. Kf3 Kd4 63. Qf5 Re7 64. Qe4+ Kc5 65. Qc2+ Kd4 66. Qd2+ Kc5 67. Ke4 1-0

[Event "HUN-chT2 Charousek 1819"]
[Site "Hungary"]
[Date "2019.02.24"]
[Round "8.4"]
[White "Benedeczky, Lehel"]
[Black "Borocz, Istvan"]
[Result "0-1"]
[WhiteElo "2168"]
[BlackElo "2376"]
[PlyCount "42"]
[EventDate "2018.09.23"]
[EventType "team-tourn"]
[EventRounds "11"]
[EventCountry "HUN"]
[SourceTitle "CBM 189 Extra"]
[Source "ChessBase"]
[SourceDate "2019.06.03"]
[SourceVersion "1"]
[SourceVersionDate "2019.06.03"]
[SourceQuality "1"]
[WhiteTeam "Paks ASE II"]
[BlackTeam "Budapest HUSI"]
[WhiteTeamCountry "HUN"]
[BlackTeamCountry "HUN"]

1. d4 Nf6 2. c4 e6 3. Nf3 d5 4. Nc3 c6 5. e3 Nbd7 6. Bd3 dxc4 7. Bxc4 b5 8. Bd3 Bb7 9. 0-0 a6 10. b3 c5 11. Bb2 Bd6 12. Re1 cxd4 13. exd4 0-0 14. Ne5 Rc8 15. Ne4 Nxe4 16. Bxe4 Bxe4 17. Rxe4 Nf6 18. Re2 Nd5 19. Rc1 Nf4 20. Rec2 Rxc2 21. Rxc2 Bxe5 0-1

[Event "HUN-chT2 Charousek 1819"]
[Site "Hungary"]
[Date "2019.01.27"]
[Round "6.2"]
[White "Borocz, Istvan"]
[Black "Mazur, Stefan"]
[Result "0-1"]
[WhiteElo "2376"]
[BlackElo "2413"]
[PlyCount "86"]
[EventDate "2018.09.23"]
[EventType "team-tourn"]
[EventRounds "11"]
[EventCountry "HUN"]
[SourceTitle "CBM 189 Extra"]
[Source "ChessBase"]
[SourceDate "2019.06.03"]
[SourceVersion "1"]
[SourceVersionDate "2019.06.03"]
[SourceQuality "1"]
[WhiteTeam "Budapest HUSI"]
[BlackTeam "Biatorbagy"]
[WhiteTeamCountry "HUN"]
[BlackTeamCountry "HUN"]

1. e4 e5 2. Nf3 Nc6 3. Bb5 a6 4. Ba4 Nf6 5. 0-0 Be7 6. Re1 b5 7. Bb3 d6 8. c3 Na5 9. Bc2 c5 10. d3 0-0 11. Nbd2 Re8 12. Nf1 h6 13. Bd2 Bf8 14. a4 Bb7 15. b4 Nc6 16. Qb1 cxb4 17. cxb4 d5 18. Qb2 Qd6 19. Rab1 dxe4 20. dxe4 Nd4 21. Nxd4 exd4 22. f3 Nd7 23. axb5 axb5 24. Bd3 Qb6 25. f4 Nf6 26. Ng3 Ng4 27. h3 Ne3 28. Bxe3 dxe3 29. Qe2 Ra3 30. Bxb5 Rd8 31. Bc4 Qc7 32. Rb3 Rxb3 33. Bxb3 Bxb4 34. Rd1 Rxd1+ 35. Qxd1 Qxf4 36. Qf3 Qc7 37. Nf5 Bc5 38. Nxe3 Qe7 39. Kh1 Bxe4 40. Bxf7+ Kh7 41. Nd5 Qe5 42. Qc3 Qf5 43. Nf6+ gxf6 0-1

[Event "HUN-chT2 Charousek 1819"]
[Site "Hungary"]
[Date "2018.10.07"]
[Round "2.2"]
[White "Borocz, Istvan"]
[Black "Farkas, Gabor"]
[Result "1/2-1/2"]
[WhiteElo "2376"]
[BlackElo "2363"]
[PlyCount "196"]
[EventDate "2018.09.23"]
[EventType "team-tourn"]
[EventRounds "11"]
[EventCountry "HUN"]
[SourceTitle "CBM 189 Extra"]
[Source "ChessBase"]
[SourceDate "2019.06.03"]
[SourceVersion "1"]
[SourceVersionDate "2019.06.03"]
[SourceQuality "1"]
[WhiteTeam "Budapest HUSI"]
[BlackTeam "Haladas Szombathely II"]
[WhiteTeamCountry "HUN"]
[BlackTeamCountry "HUN"]

1. Nf3 d5 2. g3 c6 3. Bg2 Bg4 4. b3 Nf6 5. Bb2 Nbd7 6. 0-0 e6 7. c4 Bd6 8. d3 0-0 9. Nbd2 a5 10. a3 h6 11. Qc2 e5 12. Rfe1 Qe7 13. h3 Bf5 14. e4 dxe4 15. dxe4 Bh7 16. Nh4 g6 17. Ndf3 Rfd8 18. Bc1 Kg7 19. Bb2 Ne8 20. Nh2 Nef6 21. N2f3 Bc7 22. Bc3 Nc5 23. Nd2 Bb6 24. Bf1 Ne6 25. b4 Nd4 26. Qb2 axb4 27. axb4 c5 28. Rxa8 Rxa8 29. b5 Ba5 30. Bxa5 Rxa5 31. Nb3 Nxb3 32. Qxb3 b6 33. Qc3 Nd7 34. Rd1 Nf8 35. f4 g5 36. Nf5+ Bxf5 37. exf5 gxf4 38. gxf4 f6 39. Qg3+ Kh7 40. fxe5 fxe5 41. Re1 Ra7 42. Bd3 Qf6 43. Qxe5 Qxe5 44. Rxe5 Kg7 45. Re8 Kf7 46. Rc8 Nd7 47. Be2 Ne5 48. Rb8 Nd7 49. Rd8 Kf6 50. Bf3 Ne5 51. Bd5 Kxf5 52. Rd6 Rg7+ 53. Kf2 Rg6 54. Rd8 Nd3+ 55. Kf3 Ke5 56. Re8+ Kd4 57. Re4+ Kc3 58. h4 Rf6+ 59. Kg3 Rg6+ 60. Kf3 Nb2 61. Kf4 Rg7 62. Kf5 Kd3 63. Kf6 Rg1 64. Rf4 Rc1 65. Kg6 Nxc4 66. Kxh6 Ne3 67. Be4+ Kd4 68. Bg6+ Kd5 69. h5 c4 70. Kg7 c3 71. h6 c2 72. h7 Rh1 73. Bxc2 Nxc2 74. Rf6 Rxh7+ 75. Kxh7 Nd4 76. Rxb6 Kc5 77. Rb8 Nxb5 78. Kg6 Nd4 79. Kf6 Kd5 80. Rb1 Ke4 81. Rd1 Nf3 82. Rd6 Nd4 83. Rd8 Nf3 84. Re8+ Kd5 85. Re3 Nd4 86. Re5+ Kc4 87. Rh5 Nc6 88. Ke6 Nd4+ 89. Ke5 Nc6+ 90. Ke6 Nb4 91. Rg5 Nd3 92. Rd5 Nc5+ 93. Ke5 Nd3+ 94. Kd6 Nf2 95. Ra5 Ne4+ 96. Ke5 Nc5 97. Ra3 Nd3+ 98. Rxd3 Kxd3 1/2-1/2

[Event "HUN-chT 1718"]
[Site "Hungary"]
[Date "2018.05.05"]
[Round "8.6"]
[White "Nemeth, Miklos"]
[Black "Borocz, Istvan"]
[Result "1/2-1/2"]
[WhiteElo "2494"]
[BlackElo "2362"]
[PlyCount "55"]
[EventDate "2017.11.25"]
[EventType "team-tourn"]
[EventRounds "9"]
[EventCountry "HUN"]
[SourceTitle "EXT 2019"]
[Source "ChessBase"]
[SourceDate "2018.10.10"]
[SourceVersion "1"]
[SourceVersionDate "2018.10.10"]
[SourceQuality "1"]
[WhiteTeam "HVSE Infraplan"]
[BlackTeam "Husi"]
[WhiteTeamCountry "HUN"]
[BlackTeamCountry "HUN"]

1. e4 e6 2. d4 d5 3. Nd2 c5 4. exd5 exd5 5. Ngf3 Nf6 6. Bb5+ Bd7 7. Bxd7+ Nbxd7 8. 0-0 Be7 9. b3 0-0 10. Bb2 Rc8 11. c4 dxc4 12. Nxc4 b5 13. Ne3 c4 14. bxc4 bxc4 15. Rc1 Qa5 16. Nxc4 Qxa2 17. Nfd2 Qa6 18. Ra1 Qb7 19. Qa4 Rc7 20. Ba3 Bxa3 21. Rxa3 Nb6 22. Nxb6 Qxb6 23. h3 Rfc8 24. Nf3 h6 25. Re1 Qd6 26. Rae3 Rb8 27. Qa2 Rbc8 28. Qa4 1/2-1/2

[Event "HUN-chT 1516"]
[Site "Hungary"]
[Date "2016.03.20"]
[Round "6.1"]
[White "Mihok, Oliver"]
[Black "Borocz, Istvan"]
[Result "1/2-1/2"]
[WhiteElo "2510"]
[BlackElo "2374"]
[PlyCount "87"]
[EventDate "2015.11.07"]
[EventType "team-tourn"]
[EventRounds "11"]
[EventCountry "HUN"]
[SourceTitle "CBM 171 Extra"]
[Source "ChessBase"]
[SourceDate "2016.04.26"]
[SourceVersion "1"]
[SourceVersionDate "2016.04.26"]
[SourceQuality "1"]
[WhiteTeam "Mako"]
[BlackTeam "Husi"]
[WhiteTeamCountry "HUN"]
[BlackTeamCountry "HUN"]

1. e4 e5 2. Nf3 Nc6 3. Bb5 Nf6 4. d3 Bc5 5. Bxc6 dxc6 6. Nbd2 Be6 7. 0-0 Nd7 8. Nb3 Be7 9. Na5 Rb8 10. d4 Bf6 11. h3 0-0 12. c3 Re8 13. Be3 a6 14. Qc2 exd4 15. cxd4 Nf8 16. Rfd1 Ng6 17. Rac1 h6 18. b4 Be7 19. a3 Bd6 20. d5 cxd5 21. exd5 Bc8 22. Nc4 Bd7 23. Qc3 Bb5 24. Nxd6 cxd6 25. Nd4 Rc8 26. Qxc8 Qxc8 27. Rxc8 Rxc8 28. Nf5 Rd8 29. Rc1 Bd3 30. Bb6 Rd7 31. Ne3 Ne7 32. f3 Nf5 33. Rc8+ Kh7 34. Kf2 Nxe3 35. Kxe3 Bf1 36. g4 Re7+ 37. Kf2 Bb5 38. Rd8 Re2+ 39. Kg3 Rd2 40. Rxd6 Bc4 41. Rd7 Bxd5 42. Be3 Rd3 43. Kf2 Bc4 44. Rxd3 1/2-1/2

[Event "HUN-chT 1415"]
[Site "Hungary"]
[Date "2015.03.22"]
[Round "8.3"]
[White "Ivanisevic, Ivan"]
[Black "Borocz, Istvan"]
[Result "1-0"]
[WhiteElo "2623"]
[BlackElo "2388"]
[PlyCount "81"]
[EventDate "2014.10.12"]
[EventType "team-tourn"]
[EventRounds "9"]
[EventCountry "HUN"]
[SourceTitle "EXT 2016"]
[Source "ChessBase"]
[SourceDate "2015.10.08"]
[SourceVersion "1"]
[SourceVersionDate "2015.10.08"]
[SourceQuality "1"]
[WhiteTeam "Aquaprofit"]
[BlackTeam "Husi"]
[WhiteTeamCountry "HUN"]
[BlackTeamCountry "HUN"]

1. d4 Nf6 2. c4 g6 3. Nc3 Bg7 4. e4 d6 5. Nf3 0-0 6. Be2 e5 7. d5 a5 8. Bg5 h6 9. Be3 Ng4 10. Bd2 f5 11. h3 Nf6 12. exf5 gxf5 13. Qc1 h5 14. Ng5 Na6 15. f4 Qe8 16. 0-0 Bd7 17. Qe1 Qg6 18. Qh4 Nb4 19. Rac1 e4 20. a3 Na6 21. Nb5 Bxb5 22. cxb5 Nc5 23. Bc4 a4 24. Rc3 Rae8 25. Rg3 Qh6 26. Be3 b6 27. Bxc5 bxc5 28. Ne6 Rxe6 29. dxe6 d5 30. Qg5 Kh8 31. Rd1 h4 32. Qxh6+ Bxh6 33. Rg6 Bg7 34. Rxf6 Bxf6 35. Rxd5 Kg7 36. Rd7+ Kg6 37. Rxc7 Bd4+ 38. Kf1 Be3 39. b6 Bxf4 40. e7 Re8 41. Bb5 1-0

[Event "HUN-chT 1415"]
[Site "Hungary"]
[Date "2014.11.30"]
[Round "3.1"]
[White "Szalanczy, Emil"]
[Black "Borocz, Istvan"]
[Result "1-0"]
[WhiteElo "2242"]
[BlackElo "2388"]
[PlyCount "61"]
[EventDate "2014.10.12"]
[EventType "team-tourn"]
[EventRounds "9"]
[EventCountry "HUN"]
[SourceTitle "CBM 163 Extra"]
[Source "ChessBase"]
[SourceDate "2014.12.23"]
[SourceVersion "1"]
[SourceVersionDate "2014.12.23"]
[SourceQuality "1"]
[WhiteTeam "Szigetszentmiklos"]
[BlackTeam "Husi"]
[WhiteTeamCountry "HUN"]
[BlackTeamCountry "HUN"]

1. e4 e5 2. Nf3 Nc6 3. Bb5 a6 4. Ba4 Nf6 5. 0-0 Be7 6. d3 d6 7. c3 0-0 8. Nbd2 Nd7 9. d4 exd4 10. Nxd4 Nxd4 11. cxd4 Bf6 12. Nf3 Nb6 13. Bc2 Bg4 14. Qd3 g6 15. Bh6 Re8 16. Rfd1 c5 17. dxc5 dxc5 18. Qe3 Qe7 19. Bb3 Rac8 20. a4 Bxf3 21. gxf3 Bxb2 22. Rab1 Be5 23. f4 Bg7 24. Bxg7 Kxg7 25. a5 c4 26. Bc2 Na8 27. e5 Qc7 28. Rd5 Red8 29. Rxd8 Qxd8 30. f5 Nc7 31. f6+ 1-0

[Event "HUN-chT 1415"]
[Site "Hungary"]
[Date "2014.10.12"]
[Round "1.2"]
[White "Mihok, Oliver"]
[Black "Borocz, Istvan"]
[Result "1/2-1/2"]
[WhiteElo "2463"]
[BlackElo "2388"]
[PlyCount "132"]
[EventDate "2014.10.12"]
[EventType "team-tourn"]
[EventRounds "9"]
[EventCountry "HUN"]
[SourceTitle "EXT 2015"]
[Source "ChessBase"]
[SourceDate "2014.11.20"]
[SourceVersion "1"]
[SourceVersionDate "2014.11.20"]
[SourceQuality "1"]
[WhiteTeam "Mako"]
[BlackTeam "Husi"]
[WhiteTeamCountry "HUN"]
[BlackTeamCountry "HUN"]

1. d4 d5 2. Nc3 Nf6 3. Bg5 c6 4. Bxf6 exf6 5. e3 Bd6 6. Bd3 Nd7 7. Qf3 Nb6 8. Nge2 Be6 9. g4 Nc4 10. Bxc4 dxc4 11. 0-0-0 Qa5 12. Kb1 0-0 13. h4 Rfd8 14. Nf4 Bb4 15. Nfe2 b5 16. d5 cxd5 17. Nxd5 Bf8 18. e4 b4 19. Rd4 Bxd5 20. exd5 Rac8 21. Rhd1 Bd6 22. Qe4 c3 23. Rc4 cxb2 24. Rxc8 Rxc8 25. Nd4 Qc5 26. f4 a5 27. Nf5 a4 28. Nxd6 Qxd6 29. Kxb2 h6 30. Kb1 Rb8 31. Qc4 b3 32. cxb3 axb3 33. axb3 Rb4 34. Qc8+ Kh7 35. Qc2+ g6 36. h5 Qb6 37. hxg6+ fxg6 38. Kb2 Rxf4 39. d6 Rf2 40. Rd2 Rxd2 41. Qxd2 Kg7 42. d7 Qd8 43. Qd6 h5 44. gxh5 gxh5 45. b4 h4 46. b5 h3 47. b6 h2 48. Qc7 Qxc7 49. bxc7 h1Q 50. d8Q Qg2+ 51. Ka3 Qf3+ 52. Ka4 Qc6+ 53. Kb4 Qb6+ 54. Kc4 Qc6+ 55. Kd4 Qb6+ 56. Kd3 Qb5+ 57. Ke4 Qc6+ 58. Kd4 Qb6+ 59. Kd3 Qb5+ 60. Kd2 Qb4+ 61. Kd1 Qb3+ 62. Ke2 Qc4+ 63. Kf3 Qc6+ 64. Kf4 Qc4+ 65. Kf5 Qc5+ 66. Ke6 Qe5+ 1/2-1/2

[Event "HUN-chT2 Charousek 1314"]
[Site "Hungary"]
[Date "2014.03.02"]
[Round "8"]
[White "Borocz, Istvan"]
[Black "Grimm, Daniel"]
[Result "0-1"]
[WhiteElo "2398"]
[BlackElo "2271"]
[PlyCount "66"]
[EventDate "2013.09.08"]
[EventType "team-tourn"]
[EventRounds "11"]
[EventCountry "HUN"]
[SourceTitle "EXT 2016"]
[Source "ChessBase"]
[SourceDate "2015.10.08"]
[SourceVersion "1"]
[SourceVersionDate "2015.10.08"]
[SourceQuality "1"]
[WhiteTeam "Budapest HUSI"]
[BlackTeam "Budapest EAC"]
[WhiteTeamCountry "HUN"]
[BlackTeamCountry "HUN"]

1. e4 c5 2. Nf3 d6 3. d4 cxd4 4. Nxd4 Nf6 5. Nc3 a6 6. Bg5 e6 7. f4 Bd7 8. Qf3 Nc6 9. Nb3 Be7 10. 0-0-0 Qc7 11. g4 h6 12. Bxf6 Bxf6 13. h4 0-0-0 14. Rh3 Kb8 15. g5 Be7 16. Kb1 Rc8 17. Qf2 Na5 18. Rhd3 Nc4 19. Bg2 hxg5 20. hxg5 Qb6 21. Qg3 a5 22. a4 Qb4 23. e5 d5 24. Bxd5 Nxb2 25. Kxb2 exd5 26. Nxd5 Qa3+ 27. Kb1 Bf5 28. Nd4 Bxd3 29. Qxd3 Qxa4 30. Nf5 Rh3 31. Nfe3 Bc5 32. Qd2 Bxe3 33. Nxe3 Rxe3 0-1